[Event "Altea Cap Negret op 65+ 1st"]
[Site "Altea"]
[Date "2023.11.18"]
[Round "8"]
[White "Hewson, Brian Wr"]
[Black "Kovacevic, Slobodan"]
[Result "0-1"]
[WhiteElo "2062"]
[BlackElo "2219"]
[PlyCount "62"]
[EventDate "2023.11.12"]
[EventType "swiss"]
[EventRounds "8"]
[EventCountry "ESP"]
[SourceTitle "CB49_2023"]
[SourceDate "2023.12.06"]
[SourceVersion "1"]
[SourceVersionDate "2023.12.06"]
[SourceQuality "1"]

1. d4 Nf6 2. c4 e6 3. Nf3 c5 4. g3 cxd4 5. Nxd4 Qc7 6. Nd2 a6 7. Bg2 d6 8. 0-0 Bd7 9. b3 Nc6 10. Bb2 Be7 11. e4 0-0 12. Re1 Nxd4 13. Bxd4 Bc6 14. Rc1 Rac8 15. Qc2 b6 16. Qb2 Qb7 17. f3 b5 18. Rc2 Rfd8 19. Rec1 h6 20. Qc3 e5 21. Bf2 b4 22. Qe3 Nd7 23. Qe2 Nc5 24. Nf1 a5 25. Rd1 a4 26. Bxc5 dxc5 27. Rxd8+ Rxd8 28. Rd2 Rd4 29. h4 Qd7 30. Rb2 Rd3 31. Ne3 Qd4 0-1

[Event "Altea Cap Negret op 65+ 1st"]
[Site "Altea"]
[Date "2023.11.17"]
[Round "7"]
[White "Kovacevic, Slobodan"]
[Black "Fernandes, Jose Costa Jr"]
[Result "1-0"]
[WhiteElo "2219"]
[BlackElo "2231"]
[PlyCount "85"]
[EventDate "2023.11.12"]
[EventType "swiss"]
[EventRounds "8"]
[EventCountry "ESP"]
[SourceTitle "CB49_2023"]
[SourceDate "2023.12.06"]
[SourceVersion "1"]
[SourceVersionDate "2023.12.06"]
[SourceQuality "1"]

1. d4 Nf6 2. Nf3 g6 3. Bg5 Bg7 4. Nbd2 d5 5. c3 0-0 6. e3 b6 7. b4 c5 8. bxc5 bxc5 9. Qa4 Bd7 10. Qa3 cxd4 11. cxd4 Nc6 12. Be2 Re8 13. 0-0 Qa5 14. Qxa5 Nxa5 15. Ne5 Ba4 16. Rfc1 Ne4 17. Nxe4 dxe4 18. Bf4 Kf8 19. Ba6 f6 20. Nc4 e5 21. dxe5 fxe5 22. Bg3 Re6 23. Nb2 Be8 24. Bf1 Rc6 25. Rxc6 Nxc6 26. Nc4 Rd8 27. Rb1 Bf7 28. a3 Bf6 29. h3 Rd5 30. Kh2 h5 31. h4 Be6 32. Be2 Be7 33. Rb2 Bf5 34. Rb1 Rc5 35. Rb2 Rd5 36. Kg1 Ke8 37. a4 Kd7 38. Rb1 Ke8 39. Rb5 Bc5 40. Nd6+ Rxd6 41. Rxc5 Nb4 42. Rxe5+ Kd8 43. Rxf5 1-0

[Event "Sueca op 7th"]
[Site "Sueca"]
[Date "2023.08.12"]
[Round "8"]
[White "Kovacevic, Slobodan"]
[Black "Juan Mas, Santiago"]
[Result "1-0"]
[WhiteElo "2218"]
[BlackElo "1899"]
[PlyCount "127"]
[EventDate "2023.08.07"]
[EventType "swiss"]
[EventRounds "9"]
[EventCountry "ESP"]
[SourceTitle "CBM 215 Extra"]
[Source "ChessBase"]
[SourceDate "2023.09.30"]
[SourceVersion "1"]
[SourceVersionDate "2023.09.30"]
[SourceQuality "1"]

1. d4 g6 2. c3 Bg7 3. Nf3 Nf6 4. Bg5 d6 5. Nbd2 0-0 6. e4 h6 7. Bh4 c5 8. dxc5 dxc5 9. Qc2 Nc6 10. Be2 Be6 11. 0-0 Nh5 12. Rfd1 Nf4 13. Bf1 Qc8 14. Bg3 Nh5 15. Nc4 Nxg3 16. hxg3 Bxc4 17. Bxc4 e6 18. Rd2 Qc7 19. Bb5 Rfd8 20. Rad1 Rxd2 21. Rxd2 Rd8 22. Bxc6 Rxd2 23. Qxd2 Qxc6 24. Qd8+ Kh7 25. Qe7 Kg8 26. Qd8+ Kh7 27. Qd3 a6 28. b3 Qb5 29. c4 Qc6 30. e5 Qc7 31. Qe3 Kg8 32. g4 Kf8 33. g5 h5 34. Kh2 Ke8 35. Kg3 Bf8 36. Nd2 Be7 37. f4 Qd7 38. Kf2 Kd8 39. Ke2 Qc6 40. Qf3 Qxf3+ 41. Kxf3 Kd7 42. Ne4 Kc6 43. Ke3 b6 44. Kd3 Kd7 45. Kc3 Kc7 46. a3 Kc6 47. Nf2 Kd7 48. Nd3 Kc6 49. Ne1 Kd7 50. Nc2 Kc6 51. Ne1 Kd7 52. Nf3 Kc6 53. Kd3 Kd7 54. Ke3 Kc6 55. Nd2 Kd7 56. Kf2 Kc6 57. Ne4 Kd7 58. Kg3 Kc6 59. Kh3 Kd7 60. Kh4 Kc6 61. Nf6 Kc7 62. Ng8 Kd7 63. Kg3 Ke8 64. Kf3 1-0

[Event "Benidorm Bali op-A"]
[Site "Benidorm"]
[Date "2022.12.07"]
[Round "6"]
[White "Hristodorescu, Daniel"]
[Black "Kovacevic, Slobodan"]
[Result "0-1"]
[WhiteElo "2108"]
[BlackElo "2224"]
[PlyCount "60"]
[EventDate "2022.12.03"]
[EventType "swiss"]
[EventRounds "9"]
[EventCountry "ESP"]
[SourceTitle "CBM 211 Extra"]
[Source "ChessBase"]
[SourceDate "2023.01.31"]
[SourceVersion "1"]
[SourceVersionDate "2023.01.31"]
[SourceQuality "1"]

1. e4 c5 2. Nf3 e6 3. c3 Nc6 4. Bb5 Qb6 5. Ba4 d5 6. exd5 exd5 7. 0-0 Bd6 8. d4 Nge7 9. dxc5 Bxc5 10. b4 Bd6 11. c4 Qd8 12. c5 Bb8 13. b5 Ne5 14. Bb2 Bg4 15. Nbd2 0-0 16. h3 Bh5 17. Bc2 Nxf3+ 18. Nxf3 Bg6 19. Qd4 f6 20. Bb3 Bf7 21. Rfe1 Qd7 22. a4 a6 23. Qb4 axb5 24. axb5 Rxa1 25. Bxa1 Ng6 26. Ba4 Nf4 27. Re3 Qf5 28. Nd4 Qg5 29. Rg3 Nxh3+ 30. gxh3 Bxg3 0-1

[Event "Mislata op rapid"]
[Site "Mislata"]
[Date "2022.08.16"]
[Round "3"]
[White "Cayon Pelaez, Pablo"]
[Black "Kovacevic, Slobodan"]
[Result "1-0"]
[WhiteElo "2138"]
[BlackElo "2225"]
[PlyCount "97"]
[EventDate "2022.08.15"]
[EventType "swiss (rapid)"]
[EventRounds "8"]
[EventCountry "ESP"]
[SourceTitle "EXT 2024"]
[Source "ChessBase"]
[SourceDate "2023.10.10"]
[SourceVersion "1"]
[SourceVersionDate "2023.10.10"]
[SourceQuality "1"]

1. d4 Nf6 2. c4 e6 3. Nc3 c5 4. d5 exd5 5. cxd5 d6 6. e4 g6 7. f4 Bg7 8. Bb5+ Nfd7 9. a4 Na6 10. Nf3 Nc7 11. Bd3 0-0 12. 0-0 a6 13. Re1 Re8 14. Bc2 Rb8 15. e5 dxe5 16. d6 Ne6 17. Nd5 exf4 18. Ne7+ Rxe7 19. dxe7 Qxe7 20. Bxf4 Ra8 21. Rb1 Qf6 22. Bg3 h6 23. a5 Nd4 24. Re8+ Kh7 25. Nxd4 cxd4 26. Qf1 d3 27. Bxd3 Qd4+ 28. Bf2 Qa4 29. Rc1 Ne5 30. Rexc8 Rxc8 31. Rxc8 Qd7 32. Rc3 Ng4 33. Rc4 Nxf2 34. Kxf2 Bd4+ 35. Ke2 Bxb2 36. Qf4 Bg7 37. h4 Qd5 38. Qe4 Qxa5 39. g4 h5 40. Qxb7 Qe5+ 41. Qe4 Qh2+ 42. Kf1 Qh3+ 43. Ke2 Qxh4 44. gxh5 Qxh5+ 45. Qf3 Qe5+ 46. Kf1 Qb2 47. Qxf7 Qa1+ 48. Kg2 Qa2+ 49. Kh3 1-0

[Event "Sueca op 6th"]
[Site "Sueca"]
[Date "2022.07.25"]
[Round "1"]
[White "Kovacevic, Slobodan"]
[Black "Serrano Requena, Jordi"]
[Result "1-0"]
[WhiteElo "2218"]
[BlackElo "1636"]
[PlyCount "78"]
[EventDate "2022.07.25"]
[EventType "swiss"]
[EventRounds "9"]
[EventCountry "ESP"]
[SourceTitle "CBM 209 Extra"]
[Source "ChessBase"]
[SourceDate "2022.09.30"]
[SourceVersion "1"]
[SourceVersionDate "2022.09.30"]
[SourceQuality "1"]

1. d4 Nf6 2. Nf3 d5 3. Bf4 Bf5 4. e3 e6 5. c4 c6 6. Qb3 Qc8 7. h3 Be7 8. Nc3 0-0 9. Rc1 a6 10. Be2 h6 11. 0-0 Ne4 12. cxd5 Nxc3 13. bxc3 exd5 14. c4 Be6 15. c5 Nd7 16. Rb1 Ra7 17. Rb2 Bd8 18. Bd3 Bc7 19. Bxc7 Qxc7 20. Rfb1 Rb8 21. Qc3 Raa8 22. Nd2 a5 23. Rb3 a4 24. Rb4 Qa5 25. Qc2 Ra7 26. a3 b5 27. cxb6 Rxb6 28. Rxb6 Nxb6 29. Qxc6 g5 30. Qxb6 Qxd2 31. Qxa7 Qxd3 32. Qb8+ Kh7 33. Qb2 Bf5 34. Rc1 Qb3 35. Qc3 Bd3 36. Qc7 Bg6 37. Qe7 Qb2 38. Rc8 Qb1+ 39. Kh2 Qf5 1-0

[Event "Valencia Paterna Gp-B 2nd"]
[Site "Valencia"]
[Date "2021.10.18"]
[Round "3"]
[White "Roca Galarza, Jose"]
[Black "Kovacevic, Slobodan"]
[Result "0-1"]
[WhiteElo "2297"]
[BlackElo "2221"]
[PlyCount "84"]
[EventDate "2021.10.18"]
[EventType "tourn (rapid)"]
[EventRounds "7"]
[EventCountry "ESP"]
[EventCategory "6"]
[SourceTitle "CBM 204 Extra"]
[Source "ChessBase"]
[SourceDate "2021.11.30"]
[SourceVersion "1"]
[SourceVersionDate "2021.11.30"]
[SourceQuality "1"]

1. Nf3 c5 2. c4 b6 3. e3 Nf6 4. d4 e6 5. Nc3 cxd4 6. exd4 d6 7. Bd3 Bb7 8. 0-0 Nbd7 9. b3 Be7 10. Bb2 0-0 11. Re1 Re8 12. Qe2 Bf8 13. Rad1 a6 14. h3 Qc7 15. Rc1 Rac8 16. Qe3 g6 17. Nd2 Qb8 18. b4 Qa8 19. Bf1 Qb8 20. a3 Bg7 21. Nb3 Bf8 22. a4 Ba8 23. b5 a5 24. Ba3 Qb7 25. Rc2 Rxc4 26. Rec1 Rcc8 27. Nd2 Be7 28. f3 Qb8 29. Nce4 Rxc2 30. Rxc2 Nd5 31. Qh6 N7f6 32. Nc4 Bf8 33. Qh4 Nxe4 34. fxe4 Nb4 35. Rf2 Qc7 36. Ne3 h5 37. Bb2 Bg7 38. g4 hxg4 39. Nxg4 Qe7 40. Nh6+ Bxh6 41. Qxh6 Bxe4 42. Rxf7 Qxf7 0-1

[Event "La Nucia op"]
[Site "La Nucia"]
[Date "2021.10.07"]
[Round "2"]
[White "Kovacevic, Slobodan"]
[Black "Gines Esteo, Pedro Antonio"]
[Result "1/2-1/2"]
[WhiteElo "2221"]
[BlackElo "2448"]
[PlyCount "52"]
[EventDate "2021.10.06"]
[EventType "swiss"]
[EventRounds "9"]
[EventCountry "ESP"]
[SourceTitle "CBM 204 Extra"]
[Source "ChessBase"]
[SourceDate "2021.11.30"]
[SourceVersion "1"]
[SourceVersionDate "2021.11.30"]
[SourceQuality "1"]

1. d4 Nf6 2. Bf4 g6 3. Nf3 Bg7 4. e3 0-0 5. Be2 d6 6. h3 c5 7. c3 cxd4 8. exd4 Qb6 9. Qb3 Qc7 10. Nbd2 Nc6 11. 0-0 e5 12. dxe5 dxe5 13. Bh2 Be6 14. Qa3 Rad8 15. Rad1 h6 16. Nb3 Nd5 17. Nbd4 Bc8 18. Nxc6 bxc6 19. Rfe1 Rfe8 20. Bc4 Kh7 21. Qb3 f5 22. Bxd5 cxd5 23. Rxd5 Rxd5 24. Qxd5 Bb7 25. Qb5 Bc6 26. Qc5 Qb7 1/2-1/2

[Event "Montserrat"]
[Site "Montserrat"]
[Date "2021.09.04"]
[Round "8"]
[White "Kovacevic, Slobodan"]
[Black "Aarav, Dengla"]
[Result "1-0"]
[WhiteElo "2225"]
[BlackElo "2010"]
[PlyCount "175"]
[EventDate "2021.08.27"]
[EventType "tourn"]
[EventRounds "9"]
[EventCountry "ESP"]
[EventCategory "2"]
[SourceTitle "CBM 204 Extra"]
[Source "ChessBase"]
[SourceDate "2021.11.30"]
[SourceVersion "1"]
[SourceVersionDate "2021.11.30"]
[SourceQuality "1"]

1. d4 d5 2. Bf4 c5 3. e3 Nc6 4. c3 Bf5 5. Qb3 Qd7 6. Nf3 e6 7. dxc5 Bxc5 8. Ne5 Qc8 9. Nxc6 bxc6 10. Qa4 Ne7 11. Nd2 Qd7 12. Ba6 Bd6 13. Bxd6 Qxd6 14. 0-0 0-0 15. b4 c5 16. bxc5 Qxc5 17. Rac1 Rab8 18. Nb3 Qd6 19. Rfd1 Qb6 20. Be2 Rfc8 21. c4 dxc4 22. Bxc4 Be4 23. Bf1 Bd5 24. Qd7 Re8 25. Qa4 h6 26. Nd4 Red8 27. Qa3 Nc6 28. Nb5 Be4 29. Rd6 Rxd6 30. Qxd6 Rd8 31. Qa3 Bg6 32. Qc3 Ne7 33. Qa3 Nc6 34. h3 a6 35. Nc3 Rd2 36. Bxa6 Nb4 37. Bf1 Nc2 38. Qb3 Qxb3 39. axb3 Nb4 40. Na4 Bc2 41. Nc5 Kf8 42. Bc4 Ke7 43. Ra1 Kd6 44. Nb7+ Kc6 45. Na5+ Kb6 46. Bf1 Rd1 47. Nc4+ Kc5 48. Ra5+ Kc6 49. Ne5+ Kc7 50. Rb5 Kd6 51. Nxf7+ Ke7 52. Rxb4 Kxf7 53. Rd4 Rxd4 54. exd4 Bxb3 55. Bd3 Kf6 56. f4 Bd5 57. h4 Bc6 58. Kf2 Bd5 59. g3 Bg2 60. Ke3 h5 61. Be2 g6 62. Bd3 Bc6 63. Kd2 Kf7 64. Kc3 Bd5 65. Kb4 Bg2 66. Kc5 Bh3 67. Kd6 Kf6 68. Be4 Bg4 69. Bc6 Be2 70. Be4 Bg4 71. Kc7 Bh3 72. Kd8 Kf7 73. Bd3 Bg4 74. Kc7 Kf6 75. Kd6 Bh3 76. Bb5 Bg4 77. Bd7 Bf5 78. Bc8 Bg4 79. d5 exd5 80. Bxg4 hxg4 81. Kxd5 Kf5 82. Kd4 Ke6 83. Ke4 Kf6 84. f5 gxf5+ 85. Kf4 Kg6 86. Ke5 f4 87. Kxf4 Kh6 88. Kxg4 1-0

[Event "Montserrat"]
[Site "Montserrat"]
[Date "2021.08.28"]
[Round "3"]
[White "Kovacevic, Slobodan"]
[Black "Granero Roca, Antonio"]
[Result "1/2-1/2"]
[WhiteElo "2225"]
[BlackElo "2359"]
[PlyCount "43"]
[EventDate "2021.08.27"]
[EventType "tourn"]
[EventRounds "9"]
[EventCountry "ESP"]
[EventCategory "2"]
[SourceTitle "CBM 204 Extra"]
[Source "ChessBase"]
[SourceDate "2021.11.30"]
[SourceVersion "1"]
[SourceVersionDate "2021.11.30"]
[SourceQuality "1"]

1. d4 Nf6 2. Bf4 e6 3. e3 c5 4. c3 Nc6 5. Nd2 d5 6. Ngf3 Bd6 7. Bg3 0-0 8. Bd3 Qe7 9. Ne5 Nd7 10. Nxd7 Bxd7 11. Bxd6 Qxd6 12. dxc5 Qxc5 13. Bxh7+ Kxh7 14. Qh5+ Kg8 15. Ne4 Qc4 16. Ng5 Rfd8 17. Qxf7+ Kh8 18. Qh5+ Kg8 19. Qf7+ Kh8 20. Qh5+ Kg8 21. Qf7+ Kh8 22. Qh5+ 1/2-1/2

[Event "Montserrat"]
[Site "Montserrat"]
[Date "2021.08.28"]
[Round "2"]
[White "Sos Andreu, Eric"]
[Black "Kovacevic, Slobodan"]
[Result "1-0"]
[WhiteElo "2355"]
[BlackElo "2225"]
[PlyCount "135"]
[EventDate "2021.08.27"]
[EventType "tourn"]
[EventRounds "9"]
[EventCountry "ESP"]
[EventCategory "2"]
[SourceTitle "CBM 204 Extra"]
[Source "ChessBase"]
[SourceDate "2021.11.30"]
[SourceVersion "1"]
[SourceVersionDate "2021.11.30"]
[SourceQuality "1"]

1. d4 Nf6 2. c4 e6 3. g3 c5 4. d5 exd5 5. cxd5 d6 6. Nc3 g6 7. Nf3 Bg7 8. Bg2 0-0 9. 0-0 a6 10. a4 Re8 11. Nd2 Nbd7 12. h3 Rb8 13. Nc4 Nb6 14. Na3 Bd7 15. e4 Qc7 16. Re1 Nc8 17. Qd3 Na7 18. Nc4 b5 19. axb5 Nxb5 20. Bd2 Nxc3 21. Bxc3 Bb5 22. b3 Nd7 23. Bxg7 Kxg7 24. Qc3+ f6 25. Ne3 Ne5 26. f4 Nf7 27. Ng4 Qe7 28. Re3 h5 29. Nh2 Rb6 30. Nf3 Bd7 31. Rae1 Kh7 32. Qc2 Kg7 33. Nd2 Rb4 34. Nc4 Bb5 35. Nd2 a5 36. Qc3 a4 37. bxa4 Bxa4 38. Qa1 Bb5 39. Nf3 Ra4 40. Qb2 Rb4 41. Qc3 Rc4 42. Qd2 Rb4 43. Kh2 Bd7 44. e5 fxe5 45. fxe5 Nxe5 46. Qc3 Qf6 47. Nxe5 Rxe5 48. Rxe5 dxe5 49. Qxc5 Rb2 50. Qe3 Qf5 51. Qxe5+ Qxe5 52. Rxe5 Kf6 53. Re1 Rd2 54. Kg1 Bf5 55. h4 Rd3 56. Kf2 Rd2+ 57. Re2 Rd3 58. Rb2 Ke5 59. Bf3 Be4 60. Bxe4 Kxe4 61. Rb6 Rd2+ 62. Kg1 g5 63. hxg5 Rxd5 64. g6 Kf3 65. Kh2 Kg4 66. g7 Rd2+ 67. Kg1 Rd8 68. Rg6+ 1-0

[Event "Mislata op 54th"]
[Site "Mislata"]
[Date "2021.08.19"]
[Round "6"]
[White "Kovacevic, Slobodan"]
[Black "Gavarrete, Nahun"]
[Result "0-1"]
[WhiteElo "2225"]
[BlackElo "2325"]
[PlyCount "106"]
[EventDate "2021.08.16"]
[EventType "swiss"]
[EventRounds "9"]
[EventCountry "ESP"]
[SourceTitle "CBM 203 Extra"]
[Source "ChessBase"]
[SourceDate "2021.09.30"]
[SourceVersion "1"]
[SourceVersionDate "2021.09.30"]
[SourceQuality "1"]

1. d4 Nf6 2. Nf3 c5 3. d5 b5 4. Bg5 Qb6 5. Bxf6 Qxf6 6. c3 d6 7. e4 a6 8. a4 b4 9. a5 Nd7 10. Nfd2 Rb8 11. Qc2 g5 12. Nc4 h5 13. h3 g4 14. hxg4 hxg4 15. Rxh8 Qxh8 16. g3 Bg7 17. Ra4 bxc3 18. bxc3 Qh1 19. Nbd2 Ne5 20. Nxe5 Bxe5 21. Ra3 Bd7 22. Rb3 Rb5 23. Rxb5 Bxb5 24. c4 Bd7 25. Qb3 Kf8 26. Qe3 Bd4 27. Qf4 Bg7 28. Qe3 Bh6 29. Qe2 Bg5 30. f4 gxf3 31. Nxf3 Bg4 32. Kf2 Bf6 33. Qd3 Kg7 34. Qe3 Qh6 35. Qf4 Qxf4 36. gxf4 Bc3 37. Bd3 Bxa5 38. f5 Bc3 39. Bc2 Bb2 40. Ke3 Bc1+ 41. Kf2 Kf6 42. Ne1 Bd2 43. Nd3 Bc3 44. Ke3 Bd4+ 45. Kd2 Bf3 46. Ne1 Bh1 47. Ke2 Kg5 48. Bb1 Bc3 49. Nf3+ Kf4 50. Ng1 Bxe4 51. Nh3+ Kxf5 52. Bd3 Bxd3+ 53. Kxd3 Bd4 0-1